| 000 | 00568pam a2200181 a 4500 | ||
|---|---|---|---|
| 020 | _a0471625450 | ||
| 050 | 0 | 0 |
_aQA154.2 _b.D87 1988 |
| 100 | 1 | _aDurbin, John R. | |
| 245 | 1 | 0 |
_aCollege algebra and trigonometry / _cJohn R. Durbin. |
| 250 | _a2nd ed. | ||
| 260 |
_aNew York [USA] : _bWiley, _cc1988. |
||
| 300 | _axii, 500, 88, 15 p. : | ||
| 500 | _aIncludes index. | ||
| 650 |
_xTrigonometry ; _xAlgebra. |
||
| 856 | 4 | 2 | _uhttp://www.loc.gov/catdir/description/wiley035/87028039.html |
| 856 | 4 | _uhttp://www.loc.gov/catdir/toc/onix06/87028039.html | |
| 942 |
_2lcc _cGEN |
||
| 999 |
_c7823 _d7823 |
||